Narraciones extraordinarias / (Registro nro. 6423)
[ vista simple ]
| 000 -LEADER | |
|---|---|
| fixed length control field | 01372nam a2200301Ia 4500 |
| 003 - CONTROL NUMBER IDENTIFIER | |
| control field | OSt |
| 005 - DATE AND TIME OF LATEST TRANSACTION | |
| control field | 20210209145809.0 |
| 007 - PHYSICAL DESCRIPTION FIXED FIELD--GENERAL INFORMATION | |
| fixed length control field | ta |
| 008 - FIXED-LENGTH DATA ELEMENTS--GENERAL INFORMATION | |
| fixed length control field | 130821s2002 sp gr jdspa |
| 020 ## - INTERNATIONAL STANDARD BOOK NUMBER | |
| International Standard Book Number | 9588089492 |
| 040 ## - CATALOGING SOURCE | |
| Original cataloging agency | Co-BoUCM |
| Language of cataloging | spa |
| Transcribing agency | CO-JMCR |
| 041 00 - LANGUAGE CODE | |
| Language code of text/sound track or separate title | spa |
| 082 04 - DEWEY DECIMAL CLASSIFICATION NUMBER | |
| Classification number | C / |
| Edition number | 20 |
| Item number | ALLn / |
| 100 ## - MAIN ENTRY--PERSONAL NAME | |
| Personal name | Poe, Edgar Allan |
| Relator term | autor |
| 9 (RLIN) | 132 |
| 245 00 - TITLE STATEMENT | |
| Title | Narraciones extraordinarias / |
| Statement of responsibility, etc. | Edgar Allan Poe ; traducción de Domingo Santos |
| 260 ## - PUBLICATION, DISTRIBUTION, ETC. | |
| Place of publication, distribution, etc. | Bogotá : |
| Name of publisher, distributor, etc. | Casa editorial El Tiempo, |
| Date of publication, distribution, etc. | 2002 |
| 300 ## - PHYSICAL DESCRIPTION | |
| Extent | 221 páginas ; |
| Dimensions | 21 cm. |
| 490 ## - SERIES STATEMENT | |
| Series statement | Biblioteca El Tiempo. Serie II clásicos ; |
| Volume/sequential designation | 4 |
| 500 ## - GENERAL NOTE | |
| General note | Incluye notas a pie de página. |
| 500 ## - GENERAL NOTE | |
| General note | Datos biográficos del autor en tapa posterior. |
| 505 ## - FORMATTED CONTENTS NOTE | |
| Formatted contents note | Los crímenes de la rue Morgue -- El misterio de Marie Rogêt -- La carta robada -- La caída de la casa de Usher -- El corazón delator -- La máscara de la Muerte roja -- El gato negro -- El pozo y el péndulo -- El barril de amontillado -- Ligeia |
| 520 ## - SUMMARY, ETC. | |
| Summary, etc. | Las narraciones extraordinarias son historias fascinantes, misteriosas, conmovedoras y aterradoras. |
| 600 ## - SUBJECT ADDED ENTRY--PERSONAL NAME | |
| Personal name | Poe, Edgar Allan |
| Dates associated with a name | 1809-1849 |
| Form subdivision | Colecciones de escritos |
| 9 (RLIN) | 133 |
| 650 04 - SUBJECT ADDED ENTRY--TOPICAL TERM | |
| Topical term or geographic name entry element | Cuentos estadounidenses |
| 9 (RLIN) | 12271 |
| 650 04 - SUBJECT ADDED ENTRY--TOPICAL TERM | |
| Topical term or geographic name entry element | Literatura estadounidense |
| 9 (RLIN) | 18653 |
| 700 ## - ADDED ENTRY--PERSONAL NAME | |
| Personal name | Santos, Domingo, |
| Relator term | traductor |
| 9 (RLIN) | 134 |
| 942 ## - ADDED ENTRY ELEMENTS (KOHA) | |
| Koha item type | Books |
| Institution code [OBSOLETE] | 18 |
| Edition | 1 |
| Classification part | 813.3 |
| Call number suffix | P743 |
| Source of classification or shelving scheme | Dewey Decimal Classification |
| Withdrawn status | Lost status | Source of classification or shelving scheme | Damaged status | Not for loan | Home library | Current library | Shelving location | Date acquired | Source of acquisition | Cost, normal purchase price | Total Checkouts | Full call number | Barcode | Date last seen | Date last checked out | Copy number | Price effective from | Koha item type |
|---|---|---|---|---|---|---|---|---|---|---|---|---|---|---|---|---|---|---|
| Dewey Decimal Classification | Biblioteca Pública José María del Castillo y Rada | Biblioteca Pública José María del Castillo y Rada | Processing Center | 12/19/2019 | Donación | 0.00 | 8 | C / ALLn / | 201809462 | 11/14/2025 | 10/31/2025 | Ej.1 | 02/03/2020 | Books |